Nennen Sie alle Wörter des Textes des Vaterunser - Statistiken

Allgemein
  • Dieses Quiz wurde 140 mal gespielt
  • Das Durchschnittsergebnis liegt bei 58 aus 63
Antwortstatistiken
Antwort % Korrekt
uns
100%
uns
100%
uns
100%
uns
100%
unser
100%
Unser
100%
Vater
100%
Himmel
99%
Himmel
99%
im
99%
im
99%
dein
98%
Dein
98%
Dein
98%
dein
98%
geheiligt
97%
Name
97%
Reich
97%
Reich
97%
wie
97%
wie
97%
komme
96%
so
96%
werde
96%
auf
95%
Brot
95%
Erden
95%
geschehe
95%
gib
95%
Wille
95%
auch
94%
wir
94%
heute
93%
Und
93%
Und
93%
und
93%
und
93%
unsere
92%
Schuld
91%
vergib
91%
tägliches
90%
vergeben
90%
in
89%
in
89%
Amen
88%
Schuldigern
86%
nicht
85%
führe
84%
ist
84%
Versuchung
84%
das
83%
dem
83%
die
83%
die
83%
erlöse
83%
Ewigkeit
83%
von
83%
Bösen
82%
Denn
81%
sondern
81%
Herrlichkeit
80%
Kraft
80%
unsern
68%
Keine übereinstimmenden Quizze gefunden
Verteilung der Resultate
Anzahl Personen mit jedem Resultat
Perzentil nach korrekt beantworteten Fragen
Ihre Resultats-Entwicklung
Sie haben dieses Quiz noch nicht gespielt